000 00571nam a2200181Ia 4500
999 _c20938
_d20938
003 OSt
005 20200708103907.0
008 190216s9999||||xx |||||||||||||| ||und||
020 _a9788178270791
040 _coclc
082 _a956.9405
_bHUS/P
100 _aHussain, Fatima
_93650
245 4 _aThe Palestine Question: A Historical Perspective /
_cFatima Hussain ; Fareed Ali Shamsi
260 _bManak Publications Pvt Ltd,
_c2003.
_aNew Delhi:
300 _a260p
650 _aHistory
942 _cBK
_2ddc
_h956.9405
_iHUS/P
_k956.9405
_mHUS/P